<?xml version="1.0" encoding="UTF-8"?>
<record
    xmlns:xsi="http://www.w3.org/2001/XMLSchema-instance"
    xsi:schemaLocation="http://www.loc.gov/MARC21/slim http://www.loc.gov/standards/marcxml/schema/MARC21slim.xsd"
    xmlns="http://www.loc.gov/MARC21/slim">

  <leader>02265nam a22002297a 4500</leader>
  <controlfield tag="003">3228</controlfield>
  <controlfield tag="005">20220307130058.0</controlfield>
  <controlfield tag="008">220307b        sa ||||| |||| 00| 0 eng d</controlfield>
  <datafield tag="020" ind1=" " ind2=" ">
    <subfield code="a">9781481424769</subfield>
    <subfield code="q">Hard Copy</subfield>
  </datafield>
  <datafield tag="040" ind1=" " ind2=" ">
    <subfield code="a">OCLC</subfield>
    <subfield code="b">English</subfield>
    <subfield code="c">RDA</subfield>
  </datafield>
  <datafield tag="082" ind1=" " ind2=" ">
    <subfield code="a">EJF</subfield>
    <subfield code="b"> DIXON</subfield>
  </datafield>
  <datafield tag="100" ind1=" " ind2=" ">
    <subfield code="a">Dixon, Franklin W</subfield>
    <subfield code="d">&#xA9;2015</subfield>
    <subfield code="e">Author</subfield>
    <subfield code="9">130658</subfield>
  </datafield>
  <datafield tag="245" ind1=" " ind2=" ">
    <subfield code="a">The Curse of The Ancient Emerald </subfield>
    <subfield code="b">HardyBoys Adventures</subfield>
  </datafield>
  <datafield tag="260" ind1=" " ind2=" ">
    <subfield code="a">New York : </subfield>
    <subfield code="b">Aladdin, </subfield>
    <subfield code="c">2015.</subfield>
  </datafield>
  <datafield tag="300" ind1=" " ind2=" ">
    <subfield code="a">122 Pages</subfield>
    <subfield code="c">23 cm</subfield>
  </datafield>
  <datafield tag="490" ind1=" " ind2=" ">
    <subfield code="a">HardyBoys Adventures</subfield>
    <subfield code="v">9 Book</subfield>
  </datafield>
  <datafield tag="504" ind1=" " ind2=" ">
    <subfield code="a">Frank and Joe must take the shine off a jewel thief who sends ominous riddles in this Hardy Boys adventure. First a priceless painting disappears from the museum; then two ancient samurai swords vanish from a private collection. A string of robberies has hit Bayport, and all signs point to the Phantom, a recently released ex-con who last struck more than twenty years ago. There's only one problem: the Phantom has vanished into thin air, and not even Frank and Joe Hardy can track him down. Then the boys begin receiving threatening notes in the mail, each one containing a strange riddle. And it looks like the Phantom's next target could be the valuable Emerald of Astara, the 2,500-year-old crown jewel of the Bayport Historical Museum. Can the Hardys crack the Phantom's code before he strikes again?</subfield>
  </datafield>
  <datafield tag="520" ind1=" " ind2=" ">
    <subfield code="a">Frank and Joe must take the shine off a jewel thief who sends ominous riddles in this Hardy Boys adventure. First a priceless painting disappears from the museum; then two ancient samurai swords vanish from a private collection. A string of robberies has hit Bayport, and all signs point to the Phantom, a recently released ex-con who last struck more than twenty years ago. There's only one problem: the Phantom has vanished into thin air, and not even Frank and Joe Hardy can track him down. Then the boys begin receiving threatening notes in the mail, each one containing a strange riddle. And it looks like the Phantom's next target could be the valuable Emerald of Astara, the 2,500-year-old crown jewel of the Bayport Historical Museum. Can the Hardys crack the Phantom's code before he strikes again?</subfield>
  </datafield>
  <datafield tag="521" ind1=" " ind2=" ">
    <subfield code="a">Adult</subfield>
  </datafield>
  <datafield tag="546" ind1=" " ind2=" ">
    <subfield code="a">English</subfield>
  </datafield>
  <datafield tag="942" ind1=" " ind2=" ">
    <subfield code="2">ddc</subfield>
    <subfield code="c">BOOK</subfield>
    <subfield code="h">EJF</subfield>
    <subfield code="i">DIXO</subfield>
    <subfield code="k">EJF DIXO</subfield>
  </datafield>
  <datafield tag="999" ind1=" " ind2=" ">
    <subfield code="c">631120</subfield>
    <subfield code="d">631119</subfield>
  </datafield>
  <datafield tag="952" ind1=" " ind2=" ">
    <subfield code="0">0</subfield>
    <subfield code="1">0</subfield>
    <subfield code="2">ddc</subfield>
    <subfield code="4">0</subfield>
    <subfield code="7">0</subfield>
    <subfield code="8">FIC</subfield>
    <subfield code="a">KWAML</subfield>
    <subfield code="b">THEML</subfield>
    <subfield code="c">FIC</subfield>
    <subfield code="d">2022-03-07</subfield>
    <subfield code="l">0</subfield>
    <subfield code="o">EJF  DIXON</subfield>
    <subfield code="p">33228031020215</subfield>
    <subfield code="r">2022-03-07</subfield>
    <subfield code="w">2022-03-07</subfield>
    <subfield code="y">BOOK</subfield>
  </datafield>
  <datafield tag="952" ind1=" " ind2=" ">
    <subfield code="0">0</subfield>
    <subfield code="1">0</subfield>
    <subfield code="2">ddc</subfield>
    <subfield code="4">0</subfield>
    <subfield code="7">0</subfield>
    <subfield code="8">F</subfield>
    <subfield code="a">STANRL</subfield>
    <subfield code="b">KINRL</subfield>
    <subfield code="c">FIC</subfield>
    <subfield code="d">2022-09-05</subfield>
    <subfield code="g">210.00</subfield>
    <subfield code="o">EJF  DIXO</subfield>
    <subfield code="p">33228031007334</subfield>
    <subfield code="r">2022-09-05</subfield>
    <subfield code="w">2022-09-05</subfield>
    <subfield code="y">BOOK</subfield>
  </datafield>
  <datafield tag="952" ind1=" " ind2=" ">
    <subfield code="0">0</subfield>
    <subfield code="1">0</subfield>
    <subfield code="2">ddc</subfield>
    <subfield code="4">0</subfield>
    <subfield code="7">0</subfield>
    <subfield code="8">F</subfield>
    <subfield code="a">STANRL</subfield>
    <subfield code="b">GROOL</subfield>
    <subfield code="c">CHILD</subfield>
    <subfield code="d">2023-08-28</subfield>
    <subfield code="g">210.00</subfield>
    <subfield code="l">0</subfield>
    <subfield code="o">EJF  DIXON</subfield>
    <subfield code="p">33228031013435</subfield>
    <subfield code="r">2023-08-28</subfield>
    <subfield code="w">2023-08-28</subfield>
    <subfield code="y">BOOK</subfield>
  </datafield>
  <datafield tag="952" ind1=" " ind2=" ">
    <subfield code="0">0</subfield>
    <subfield code="1">0</subfield>
    <subfield code="2">ddc</subfield>
    <subfield code="4">0</subfield>
    <subfield code="7">0</subfield>
    <subfield code="8">F</subfield>
    <subfield code="a">STANRL</subfield>
    <subfield code="b">BALFL</subfield>
    <subfield code="c">CHILD</subfield>
    <subfield code="d">2023-12-14</subfield>
    <subfield code="g">210.00</subfield>
    <subfield code="l">0</subfield>
    <subfield code="o">EJF  DIXON</subfield>
    <subfield code="p">33228031013277</subfield>
    <subfield code="r">2023-12-14</subfield>
    <subfield code="w">2023-12-14</subfield>
    <subfield code="y">BOOK</subfield>
  </datafield>
  <datafield tag="952" ind1=" " ind2=" ">
    <subfield code="0">0</subfield>
    <subfield code="1">0</subfield>
    <subfield code="2">ddc</subfield>
    <subfield code="4">0</subfield>
    <subfield code="7">0</subfield>
    <subfield code="8">F</subfield>
    <subfield code="a">ERMEL</subfield>
    <subfield code="b">KHULL</subfield>
    <subfield code="c">CHILD</subfield>
    <subfield code="d">2024-02-06</subfield>
    <subfield code="g">210.00</subfield>
    <subfield code="l">0</subfield>
    <subfield code="o">EJF DIXO</subfield>
    <subfield code="p">3322803176556</subfield>
    <subfield code="r">2024-02-06</subfield>
    <subfield code="w">2024-02-06</subfield>
    <subfield code="y">BOOK</subfield>
  </datafield>
  <datafield tag="952" ind1=" " ind2=" ">
    <subfield code="0">0</subfield>
    <subfield code="1">0</subfield>
    <subfield code="2">ddc</subfield>
    <subfield code="4">0</subfield>
    <subfield code="7">0</subfield>
    <subfield code="8">F</subfield>
    <subfield code="a">MKHWL</subfield>
    <subfield code="b">MKHWL</subfield>
    <subfield code="c">CHILD</subfield>
    <subfield code="d">2025-02-18</subfield>
    <subfield code="g">210.00</subfield>
    <subfield code="l">0</subfield>
    <subfield code="o">EJF  DIXO</subfield>
    <subfield code="p">3322803174762</subfield>
    <subfield code="r">2025-02-18</subfield>
    <subfield code="w">2025-02-18</subfield>
    <subfield code="y">BOOK</subfield>
  </datafield>
</record>
